Najpopularniejsze piosenki Young Multiego (Spotify) - Statystyki

Ogólne statystyki
  • Ten quiz został rozwiązany 67 razy
  • Średni wynik to 8 z 15
Statystyki odpowiedzi
Wyświetlenia Piosenka % Poprawnych
8 142 000 Plecak
91%
9 706 000 Pogba
88%
3 955 000 Sól
82%
5 332 000 Bez Serca
74%
5 224 000 Diamenty
65%
3 958 000 Oscar
58%
4 091 000 Toxic Luv
54%
3 552 000 Ballada o samotności
51%
3 390 000 Ziomeczki Ziomy
44%
3 338 000 Kim ty jesteś
42%
3 725 000 Przekręt
40%
2 619 000 Nowy Sezon
37%
2 976 000 9 żyć
33%
4 538 000 Skrzydła
32%
3 174 000 K4fle
23%
Nie znaleziono quizów pasujących do podanych kryteriów
Rozkład punktacji
Procent ludzi z każdym wynikiem
Percentyl według liczby udzielonych odpowiedzi
Twoja historia wyników
Nie rozwiązałeś tego quizu